000 00658nam a22002057a 4500
999 _c159457
_d159457
005 20181218150151.0
010 _aENG-124571
020 _a9789353066260
_c499.00
035 _aEN-108103
037 _bDBAD/PUB
082 _a338.642
100 _aCharantimath, Poornima M.
245 _aEntrpreneurship development and small business enterprises /
_cby Poornima M. Charantimath
250 _a3rd ed.
260 _aNew Delhi
_bPearson
_c2019
270 _a14 Local Shopping Centre, Panchsheel Park
_bNew Delhi
_e110017
300 _axx,412p.
_c27cm. (pbk)
_bill. pic.
500 _aIt includes index
942 _2ddc
_cEN
_h338.642
_mCHA